Φορτώνει......

International handbook of environmental sociology

Λεπτομέρειες βιβλιογραφικής εγγραφής
Κύριος συγγραφέας: Michael R Redclift
Άλλοι συγγραφείς: Graham Woodgate
Μορφή: Printed Book
Έκδοση: Edward Elgar 2010
Έκδοση:2nd
Θέματα:
LEADER 00751nam a22002291a 4500
020 |a 9781848440883  |c 0.00 
040 |a SSUS - Library - Kalady 
082 |a 333.7  |b MIC/I 
100 |a Michael R Redclift 
245 |a International handbook of environmental sociology  |h [Text] 
250 |a 2nd 
260 |b Edward Elgar  |c 2010 
300 |a 434p. 
600 |a Social Sciences 
600 |a Economics 
600 |a Environmental Sciences 
600 |a Environmental Sociology 
700 |a Graham Woodgate 
852 |k Reference  |h 333.7  |i MIC/I  |p 061531  |9 10462.50  |t 0 
942 |c REF 
999 |c 20472  |d 20472 
952 |0 0  |1 0  |4 0  |6 R_333_700000000000000_MIC_I  |7 0  |9 28761  |a SSUS  |b SSUS  |d 2015-01-08  |g 10462.50  |o R 333.7 MIC/I  |p 061531  |r 2015-01-08  |v 0.00  |w 2015-01-08  |y REF